000 006890000a22001930004500
001 768714001
003 CO-MdFUSB
005 20170630130453.0
008 170630s1988 ag ||||| |||| 00| 0 spa d
022 _a0122-2996
040 _aCO-MdFUSB
_bspa
_cCO-MdFUSB
_dCO-MdFUSB
041 _aspa
100 1 _aStam, Juan
_eautor
245 1 0 _aSignificado teológico de los acontecimientos históricos :
_bbases exegéticas para una teología evangélica de la historia
300 _aVolumen 20. Número 29 (1988), Páginas 11-40
_c22 cm.
546 _aTexto en español
773 0 _tBoletín Teológico
_049507
_961476
_gVolumen 20. Número 29 (1988), Páginas 11-40
_qPágina 11
942 _cANA
999 _c59680
_d59680